Library of the University of Algiers 3
Ibrahim Sultan Cheibout
شعار جامعة الجزائر 3
مكتبة جامعة الجزائر 3
إبراهيم سلطان شيبوط

محاضرات في التحليل الإقتصادي الكلي مدعمة بنماذج امتحانات : (رقم التسجيلة. 41085)

تفاصيل مارك
000 -LEADER
fixed length control field 01875nam a2200253Ia 4500
003 - CONTROL NUMBER IDENTIFIER
control field Ost
005 - DATE AND TIME OF LATEST TRANSACTION
control field 20260416102353.0
008 - FIXED-LENGTH DATA ELEMENTS--GENERAL INFORMATION
fixed length control field 260416s9999||||xx |||||||||||||| ||und||
040 ## - CATALOGING SOURCE
Transcribing agency fsecg
041 ## - LANGUAGE CODE
Language code of text/sound track or separate title ara
082 ## - DEWEY DECIMAL CLASSIFICATION NUMBER
Classification number 339
100 ## - MAIN ENTRY--PERSONAL NAME
Personal name عبد المومن، محمد
Relator term مؤلف
245 #0 - TITLE STATEMENT
Title محاضرات في التحليل الإقتصادي الكلي مدعمة بنماذج امتحانات :
Remainder of title أسئلة و حلول /
Statement of responsibility, etc. محمد عبد المومن
260 ## - PUBLICATION, DISTRIBUTION, ETC.
Place of publication, distribution, etc. الجزائر
Name of publisher, distributor, etc. جامعة الجزائر3: كلية العلوم الإقتصادية، العلوم التجارية وعلوم التسيير
Date of publication, distribution, etc. 2017
300 ## - PHYSICAL DESCRIPTION
Extent 260 ورقة
Other physical details ايضاحات
Dimensions 30 سم
504 ## - BIBLIOGRAPHY, ETC. NOTE
Bibliography, etc. note مراجع ص.253
520 ## - SUMMARY, ETC.
Summary, etc. التعريف بالنظرية الاقتصادية الكلية، التيار الدائري للدخل والأشخاص الاقتصادية، منهجية التحليل الاقتصادي وكيفية بناء النماذج الاقتصادية الكلية، تطور التحليل الاقتصادي والمدارس الاقتصادية، قياس النشاط الاقتصادي، التوازن الاقتصادي الكلي وفق النموذج الكلاسيكي، التوازن الاقتصادي وفق المنظور الكينزي، التوازن الاقتصادي الكينزي ونظرية المضاعف، دالة الاستثمار والكفاية الحدية لرأس المال، نموذج IS-LM وكيفية تحديد مستوى توازن الدخل والناتج.
653 ## - INDEX TERM--UNCONTROLLED
Uncontrolled term الاستثمار
653 ## - INDEX TERM--UNCONTROLLED
Uncontrolled term الاقتصاد التحليلي
653 ## - INDEX TERM--UNCONTROLLED
Uncontrolled term الاقتصاد الكلي
653 ## - INDEX TERM--UNCONTROLLED
Uncontrolled term الدخل
710 ## - ADDED ENTRY--CORPORATE NAME
Corporate name or jurisdiction name as entry element جامعة الجزائر3: كلية العلوم الإقتصادية، العلوم التجارية وعلوم التسيير
Relator term ناشر علمي
942 ## - ADDED ENTRY ELEMENTS (KOHA)
Koha item type مطبوعات
المقتنيات
Withdrawn status Lost status Source of classification or shelving scheme Damaged status Not for loan Home library Current library Date acquired Serial enumeration / chronology Inventory number Total checkouts Full call number Barcode Date last seen Price effective from Koha item type
    Dewey Decimal Classification   NOT LOAN / إعارة داخلية مكتبة كلية العلوم الإقتصادية والعلوم التجارية وعلوم التسيير مكتبة كلية العلوم الإقتصادية والعلوم التجارية وعلوم التسيير 16/04/2026 الطابق الثاني مط.135-1   مط.135 ن1 مط.135-1 16/04/2026 16/04/2026 مطبوعات

موارد الويب المفتوحة


© University of Algiers 3 All Rights Reserved
|
Implemented by LECHELAH Riad